| 000 | 01183nam a2200325 i 4500 | ||
|---|---|---|---|
| 003 | EG-GICUC | ||
| 005 | 20260121101205.0 | ||
| 008 | 251110s1982 us d|||f |||| 000 0 eng d | ||
| 040 |
_aEG-GiCUC _beng _cEG-GiCUC _dEG-GiCUC _eRda |
||
| 041 | 0 | _aeng | |
| 082 | 0 | 4 |
_221 _a338.9 _bRE |
| 092 | 0 | 4 | _221 |
| 099 | _aLaw1 13 338.9 RE 1982 | ||
| 245 | 0 | 4 |
_aThe Relationship Between Disarmament And Development\ _cUnited Nations Centre For Disarmament. |
| 264 |
_aNew York : _bUnited Nations, _c1982. |
||
| 300 |
_a189 page : _billustration ; tables, and charts. _c 24 cm. |
||
| 336 |
_2rda contenu _a texte |
||
| 337 |
_2rda medias _aOrdinateur |
||
| 338 |
_2 transporteur rda _a Ressource en ligne |
||
| 490 |
_3Study Series ; _v5 |
||
| 500 | _aIncludes appendices. | ||
| 500 | _aDepartment Of Political And Security Council Affairs United Nations Centre For Disarmament Report Of The Secretary-general | ||
| 546 | _aText in English | ||
| 650 | 1 |
_aPublic finance and tax legislation _2qrmak |
|
| 651 | 1 | _2qrmak | |
| 710 | _aUnited Nations Centre For Disarmament | ||
| 856 | 4 | 0 | _uhttps://fll.law.cu.edu.eg/fulltext/bks/B13-07265.pdf |
| 905 | _a70 | ||
| 942 |
_2ddc _cBK _e21 _n0 |
||
| 999 |
_c42281 _d42281 |
||